Professional Learning Communities at Work (Record no. 24006)

MARC details
000 -LEADER
fixed length control field 00769nam a22002177a 4500
003 - CONTROL NUMBER IDENTIFIER
control field OSt
005 - DATE AND TIME OF LATEST TRANSACTION
control field 20260611151030.0
008 - FIXED-LENGTH DATA ELEMENTS--GENERAL INFORMATION
fixed length control field 260611b |||||||| |||| 00| 0 eng d
020 ## - INTERNATIONAL STANDARD BOOK NUMBER
International Standard Book Number 1879639602
040 ## - CATALOGING SOURCE
Transcribing agency Chuka University
050 ## - LIBRARY OF CONGRESS CALL NUMBER
Classification number LB 2822.82 .D84 1998
100 ## - MAIN ENTRY--PERSONAL NAME
Personal name DuFour Richard
9 (RLIN) 28615
245 ## - TITLE STATEMENT
Title Professional Learning Communities at Work
Remainder of title Best practices for enhancing student achievement
300 ## - PHYSICAL DESCRIPTION
Extent xi;319pp
650 ## - SUBJECT ADDED ENTRY--TOPICAL TERM
Topical term or geographic name entry element School improvement programs-- united states
9 (RLIN) 28059
650 ## - SUBJECT ADDED ENTRY--TOPICAL TERM
Topical term or geographic name entry element Groupwork in education--united states
9 (RLIN) 28616
650 ## - SUBJECT ADDED ENTRY--TOPICAL TERM
Topical term or geographic name entry element Team learning approach in education-- united states
9 (RLIN) 28617
650 ## - SUBJECT ADDED ENTRY--TOPICAL TERM
Topical term or geographic name entry element Educational change--united states
9 (RLIN) 28252
650 ## - SUBJECT ADDED ENTRY--TOPICAL TERM
Topical term or geographic name entry element Educational leadership--united states
9 (RLIN) 27697
942 ## - ADDED ENTRY ELEMENTS (KOHA)
Source of classification or shelving scheme Library of Congress Classification
Koha item type Long Loan Books
Suppress in OPAC No
Holdings
Withdrawn status Lost status Source of classification or shelving scheme Damaged status Not for loan Collection Home library Current library Shelving location Date acquired Source of acquisition Cost, normal purchase price Total Checkouts Full call number Barcode Date last seen Copy number Price effective from Koha item type
    Library of Congress Classification     General Collection Books Main Campus Library Main Campus Library General Stacks 11/06/2026 Donations from books for Africa 1384.79   LB 2822.82 .D84 1998 34111/2026 11/06/2026 1 11/06/2026 Long Loan Books
    Library of Congress Classification     General Collection Books Main Campus Library Main Campus Library General Stacks 11/06/2026 Donations from books for Africa 1384.79   LB 2822.82 .D84 1998 34130/2026 11/06/2026 4 11/06/2026 Long Loan Books
    Library of Congress Classification     General Collection Books Main Campus Library Main Campus Library General Stacks 11/06/2026 Donations from books for Africa 1384.79   LB 2822.82 .D84 1998 34110/2026 11/06/2026 2 11/06/2026 Long Loan Books
    Library of Congress Classification     General Collection Books Main Campus Library Main Campus Library General Stacks 11/06/2026 Donations from books for Africa 1384.79   LB 2822.82 .D84 1998 34109/2026 11/06/2026 3 11/06/2026 Long Loan Books

Powered by Koha